Možnosti uplatňovania nástrojov a metód neustáleho zlepšovania podnikateľských subjektov v kontexte zvyšovania ich konkurencieschopnosti správa o výsledkoch riešenia projektu IGM č. 2316070/10 : doba riešenia 1. 1. 2010 - 31. 12. 2011

Gespeichert in:
Bibliographische Detailangaben
1. Verfasser: Krnáčová, Paulína, 1983-
Weitere Verfasser: Dudeková, Alena, 1986-, Gondárová, Jana, 1983-, Jelšíková, Martina, Kováčová, Natália, Štefaňák, Peter
Format: Buch
Sprache:Slowakisch
Veröffentlicht: Bratislava 2011
Schlagworte:
Tags: Tag hinzufügen
Keine Tags, Fügen Sie das erste Tag hinzu!

MARC

LEADER 00000nam a2200000 4500
001 0168788
005 20240604115529.6
041 0 |a slo 
044 |a SK 
245 1 0 |a Možnosti uplatňovania nástrojov a metód neustáleho zlepšovania podnikateľských subjektov v kontexte zvyšovania ich konkurencieschopnosti  |b správa o výsledkoch riešenia projektu IGM č. 2316070/10 : doba riešenia 1. 1. 2010 - 31. 12. 2011  |c Paulína Krnáčová ... [et al.] 
264 1 |a Bratislava  |c 2011 
300 |a 10 s. 
610 2 0 |a riadenie kvality 
610 2 0 |a kvalita 
610 2 0 |a konkurencieschopnosť 
100 1 |a Krnáčová, Paulína, 1983- 
700 1 |a Dudeková, Alena, 1986- 
700 1 |a Gondárová, Jana, 1983- 
700 1 |a Jelšíková, Martina 
700 1 |a Kováčová, Natália 
700 1 |a Štefaňák, Peter